00508 2200181 4500001002100000005001500021035002000036008004100056245002600097260004900123020002200172084001600194082001200210650004900222300002700271990001400298990001400312INLIS00000000000001820260413032930 a0010-0317000016260413 0  a103 Inovasi Indonesia aJakarta :bBusiness Innovation Center,c2011 a978-602-95290-2-9 a338.064 Ser a338.064 aTECHNOLOGICAL INNOVATIONS - ECONOMIC ASPECTS axxv, 239 hlm. ;c25 cm a173012111 a172912111